000 00727nam a2200277Ia 4500
005 20260324114458.0
008 008 260324s9999 xx 000 0 eng d
020 _a9781003279044
037 _aEBOOK
040 _aCRL
040 _beng
040 _cCRL
041 _2eng
041 _aeng
084 _qCRL
100 _aSheetal S. Zalte-Gaikwad; Indranath Chatterjee; Rajanish K. Kamat
_91150933
245 0 _aSynergistic Interaction of Big Data with Cloud Computing for Industry 4.0
260 _bTaylor and Francis
260 _c2022
365 _a
365 _b320
856 _uhttp://www.taylorfrancis.com/books/9781003279044
942 _cEBOOK
999 _c1741144
_d1741144